00620nam a2200181Ia 450000500170000000800460001703700120006304000200007504100130009508400220010824500650013024500380019526000470023330000100028094200220029099900210031295201050033320250508160104.0008 250505s9999 xx 000 0 eng d aTextual aFEDLbengcFEDL aeng2eng a378.54, INDqFEDL 0aDirectory of institutions for higher education in India 1954 0cIndia. Education (Ministry of...) aDelhi, IndiabManager of Publiationsc1954 a113p. cTEXLh378.54, IND c1361600d1361600 00104070aFEDLbFEDLd2025-05-08l0o378.54, INDpEL0047538r2025-05-08 16:01:04w2025-05-08yTEXL